| 000 | 01051nam a2200229 a 4500 | ||
|---|---|---|---|
| 008 | 120416s1980 ||||||||||||||||| || u | ||
| 020 | _a0256022607 | ||
| 050 | _aHD 30.4 Emo | ||
| 100 | _aEmory, C. William | ||
| 245 | 1 | 0 | _aBusiness research methods |
| 250 | _aRev. ed. | ||
| 260 |
_aHomewood, Ill. _bR. D. Irwin _c1980 |
||
| 300 | _axiv, 530p. : ill. | ||
| 350 | _a0.00 | ||
| 490 | _aThe Irwin series in information and decision sciences | ||
| 500 | _aIncludes index. -Bibliography: p. 489-505. | ||
| 650 | 0 | _aMANAGEMENT | |
| 650 | _aINDUSTRIAL MANAGEMENT--RESEARCH | ||
| 995 |
_aANNEX COLLECTION (Main Library) _D0.00 _e711384 _FCBU-MAIN LIBRARY (Kitwe) _H2 _I22.95 _jHD 30.4 Emo _M1 _UAVAILABLE _y002745 _ZAnnex Low-Usage Collection |
||
| 995 |
_aBINDERY (DAMAGED) _D0.00 _e710864 _FCBU-MAIN LIBRARY (Kitwe) _H1 _I22.95 _jHD 30.4 Emo _M2 _UDAMAGED _y002746 _ZMain Library Open Access Collection |
||
| 995 |
_aANNEX COLLECTION (Main Library) _D0.00 _e713472 _FCBU-MAIN LIBRARY (Kitwe) _H3 _I22.95 _jHD 30.4 Emo _M3 _UAVAILABLE _y002747 _ZAnnex Low-Usage Collection |
||
| 999 |
_c77945 _d77945 |
||